Duálne zobrazovanie v personalistike a mzdách

Pravidlá pri zavedení meny euro v oblasti miezd a sociálneho poistenia. Čo nepodlieha duálnemu zobrazovaniu a vykazovaniu. Duálne zobrazovanie dávok sociálneho poistenia a štátnych dávok. Platby a dávky, ktoré budú podliehať duálnemu zobrazovaniu. Príklady.

Gespeichert in:
Bibliographische Detailangaben
1. Verfasser: Cingelová, Zuzana
Format: Buchkapitel
Sprache:Slowakisch
Schlagworte:
Tags: Tag hinzufügen
Keine Tags, Fügen Sie das erste Tag hinzu!

MARC

LEADER 00000naa$a2200000$$$4500
001 0082315
005 20231013072542.1
041 0 |a slo 
044 |a SK 
245 1 0 |a Duálne zobrazovanie v personalistike a mzdách  |c Zuzana Cingelová 
520 |a Pravidlá pri zavedení meny euro v oblasti miezd a sociálneho poistenia. Čo nepodlieha duálnemu zobrazovaniu a vykazovaniu. Duálne zobrazovanie dávok sociálneho poistenia a štátnych dávok. Platby a dávky, ktoré budú podliehať duálnemu zobrazovaniu. Príklady. 
610 2 0 |a euro 
610 2 0 |a ceny duálne 
610 2 0 |a personalistika 
610 2 0 |a mzdy 
610 2 0 |a poistenie sociálne 
610 2 0 |a dávky sociálne 
100 1 |a Cingelová, Zuzana